000 01320 a2200217 4500
005 2008082607157.0
008 080826t xxu||||| |||| 00| 0 hin d
010 _aHIN-83118
020 _a8128812114
_c75.00
035 _aHN-55464
037 _bपु.प्र.अ.प्र /प्रका
082 _a658.4092
100 _aकृष्णमूर्ति, ए.जी.
245 _aधीरूभाईज़्मः धीरूभाई अम्बानी की अदुभुत कार्य पद्धति /
_cए.जी.कृष्णमूर्ति
246 _aDhirubhaism
_bby A.G. Krishnamurthy
260 _aनई दिल्ली
_bडायमंड पॉकेट बुक्स
_c2007
270 _ax-30,ओखला इंडस्ट्रियल एरिया, फेज-11
_bनई दिल्ली
_e110020
_k011- 41611861
_l011- 41611866
_msales@diamondpublication.com
300 _a96पृ
_c22 सेमी (अजिल्द)
_bसचित्र
942 _adpl
_cHN
_k658.4092 / कृष्णमू
_2ddc
_h658.4092
_mकृष्णमू
999 _c11710
_d11710